Kashmir Map Quiz - Statistics

General Stats
  • This quiz has been taken 598 times
    469 since last reset
  • The average score is 6 of 10
Answers on the Map
Answers color-coded by a green-red scale on the quiz's map according to % correct below.
 
Answer Stats
Answer % Correct
Ladakh
72%
Jammu
70%
Aksai Chin
69%
Azad Kashmir
69%
Kashmir Valley
60%
Siachen Glacier
57%
Baltistan
55%
Gilgit
50%
Demchok
46%
Shaksgam Valley
40%
No matching quizzes found
Score Distribution
Percent of People with Each Score
Percentile by Number Answered
Your Score History
You have not taken this quiz since the last reset